NLSUI OPAC header image

Magna Carta / (Record no. 112583)

MARC details
000 -LEADER
fixed length control field 01358cam a2200301 i 4500
001 - CONTROL NUMBER
control field 18373320
003 - CONTROL NUMBER IDENTIFIER
control field OSt
005 - DATE AND TIME OF LATEST TRANSACTION
control field 20260216060654.0
008 - FIXED-LENGTH DATA ELEMENTS--GENERAL INFORMATION
fixed length control field 141114s2015 enka b 001 0 eng
010 ## - LIBRARY OF CONGRESS CONTROL NUMBER
LC control number 2014044851
020 ## - INTERNATIONAL STANDARD BOOK NUMBER
International Standard Book Number 9781107093164 (hbk.)
040 ## - CATALOGING SOURCE
Original cataloging agency DLC
Language of cataloging eng
Transcribing agency DLC
Description conventions rda
Modifying agency DLC
042 ## - AUTHENTICATION CODE
Authentication code pcc
043 ## - GEOGRAPHIC AREA CODE
Geographic area code e-uk-en
082 00 - DEWEY DECIMAL CLASSIFICATION NUMBER
Classification number 342.42029 HOL
100 ## - MAIN ENTRY--PERSONAL NAME
Personal name Holt, J. C.
245 10 - TITLE STATEMENT
Title Magna Carta /
Statement of responsibility, etc. J. C. Holt
250 ## - EDITION STATEMENT
Edition statement 3rd ed.
264 #1 - PRODUCTION, PUBLICATION, DISTRIBUTION, MANUFACTURE, AND COPYRIGHT NOTICE
Place of production, publication, distribution, manufacture Cambridge :
Name of producer, publisher, distributor, manufacturer Cambridge University Press,
Date of production, publication, distribution, manufacture, or copyright notice 2015.
300 ## - PHYSICAL DESCRIPTION
Extent xxii, 462 p. :
Other physical details ill. ;
Dimensions 24 cm
505 8# - FORMATTED CONTENTS NOTE
Formatted contents note Introduction;<br/>1. The Charter and its history; <br/>2. Government and society in the twelfth century; <br/>3. Privilege and liberties;<br/>4. Custom and law;<br/>5. Justice and jurisdiction; <br/>6. Crisis and civil war;<br/>7. Quasi Pax; <br/>8. The quality of the Great Charter; <br/>9. The achievement of 1215; <br/>10. From distraint to war; <br/>11. The re-issues and the beginning of the myth; <br/>Appendices; <br/>References: <br/>Index.
650 ## - SUBJECT ADDED ENTRY--TOPICAL TERM
Topical term or geographic name entry element Magna Carta
700 1# - ADDED ENTRY--PERSONAL NAME
Personal name Garnett, George
700 1# - ADDED ENTRY--PERSONAL NAME
Personal name Hudson, John
906 ## - LOCAL DATA ELEMENT F, LDF (RLIN)
a 7
b cbc
c orignew
d 1
e ecip
f 20
g y-gencatlg
942 ## - ADDED ENTRY ELEMENTS (KOHA)
Source of classification or shelving scheme Dewey Decimal Classification
Koha item type BOOKs
Holdings
Withdrawn status Lost status Source of classification or shelving scheme Materials specified (bound volume or other part) Damaged status Not for loan Home library Current library Shelving location Date acquired Source of acquisition Cost, normal purchase price Total Checkouts Full call number Barcode Date last seen Price effective from Koha item type
    Dewey Decimal Classification PB     . .   31.01.2018 Purchased 2046.00   342.42029 HOL 35860 31.01.2019 31.01.2019 BOOKs